Urob si sám magazín pre domácich majstrov

Podrobná bibliografia
Médium: Časopis
Jazyk:slovenčina
Fyzický popis:zv. 27-30 cm
Vydavateľské údaje: Bratislava Euroskop 1998-
Bratislava U.S.S.
Bratislava Jaga group, s.r.o.
ISSN:1335-4604
Predmet:
On-line prístup:http://www.casopisuss.sk/web/sk/casopis/293/urob-si-sam-01-2008

MARC

LEADER 00000cas a2200000 a 4500
001 vtls001467064
003 SK-MaSNL
005 20260428112851.0
008 040127c19989999xo mr p 0 0b0slo
022 |a 1335-4604 
035 |a SNK000422369 
035 |a (SVKBB03)vtls000031332 
040 |a SNK  |b slo  |c SNK  |d SVKBB  |d SAVUK  |e AACR2 
041 0 |a slo 
044 |a xo  |c SK 
072 7 |a 37  |x Výchova a vzdelávanie  |2 konspekt 
072 7 |a 67/68  |x Remeslá. Rôzne odvetvia priemyslu  |2 konspekt 
072 7 |a 79  |x Rekreácia. Voľný čas. Zábavy. Hry. Šport  |2 konspekt 
080 |a 689-051  |2 2011 
080 |a 050  |2 2011 
080 |a 379.82  |2 2011 
080 |a (051.062)  |2 2011 
080 |a 79  |2 2011 
210 0 |a Urob si sám  |b (Bratisl., 1998) 
222 0 |a Urob si sám  |b (Bratislava. 1998) 
245 0 0 |a Urob si sám  |b magazín pre domácich majstrov 
260 |a Bratislava  |b Euroskop  |c 1998- 
260 2 |3 5/2000-11/2005  |a Bratislava  |b U.S.S. 
260 3 |3 12/2005-  |a Bratislava  |b Jaga group, s.r.o. 
300 |a zv.  |c 27-30 cm 
310 |a 1x mesačne 
362 0 |a Roč. 1, č. 1 (1998)- 
500 |a R. 1998-2001 rozmer zv. 27 cm 
500 |a Redaktori sa menia 
500 |a Registračné číslo: 1712/97 ; EV 733/08 
500 |a Od r. 2011 vychádzajú aj špeciálne čísla 
500 |a Niektoré r. majú chybne uvedené roč. 
500 |a Podnázov od r. 1999-4/2001: magazín pre domácich majstrov-nové technológie na skvalitnenie bývania a života 
500 |a Podnázov od č. 5/2001-2/2005: magazín pre šikovných ľudí - výborné nápady a novinky pre krajší život a bývanie 
500 |a Podnázov od č. 3/2005-6/2012: hobby magazín - inšpirácie pre dom, byt, dielňu a záhradu 
500 |a Podnázov od č. 7/2012: hobby magazín - časopis pre domácich majstrov 
650 0 7 |a hobby  |2 SNKPH  |9 30350 
650 0 7 |a domáci majstri  |2 SNKPH  |9 66335 
650 0 7 |a voľný čas  |2 SNKPH  |9 3355 
655 7 |a populárno-náučné časopisy  |2 SNKPH  |9 70770 
770 0 |t Ekodom  |x 1337-9062  |w vtls009492195 
852 |a Štátna vedecká knižnica v Banskej Bystrici 
856 4 1 |u http://www.casopisuss.sk/web/sk/casopis/293/urob-si-sam-01-2008 
910 |a savuk 
910 |a snk 
916 |a 1998-2015, 2016-2018, 2019, 2020 
999 |c 9891  |d 11821 
952 |t č. 1-12  |a SNK  |b SNK  |y PREZ  |7 0  |p 17A0490388  |o snkČSB 4995/[6]/2003 D1  |i snkČSP 562/2004  |3 rekatalogizácia  |0 0  |1 0  |4 0  |d 2005-11-03  |l 0  |r 2026-02-21 19:30:23  |w 2026-02-21 
952 |t č. jan.-dec. + 1 špec. vydanie,   |a SNK  |b SNK  |y PREZ  |7 0  |p 17A1521045  |o snkČSB 4995/24/2021 D1  |i snk2023/11216  |8 0  |z Z dôvodu úpravy zákona o povinnom výtlačku chýba č. júl-december ; ; Špeciál: Staviame (Jar 2021)  |0 0  |1 0  |4 0  |d 2023-07-21  |l 0  |r 2026-02-21 19:48:48  |w 2026-02-21 
952 |t č. jan.-jún + špec. č.  |a SNK  |b SNK  |y PREZ  |7 0  |p 17A1557539  |o snkČSB 4995/26/2023/1  |i snk2025/13083  |8 0  |z Špeciálne číslo 1/2023  |0 0  |1 0  |4 0  |d 2025-08-15  |l 0  |r 2026-02-21 19:51:22  |w 2026-02-21 
952 |t č. júl-dec + 2 špec. č.  |a SNK  |b SNK  |y PREZ  |7 0  |p 17A1557540  |o snkČSB 4995/26/2023/2  |i snk2025/13087  |8 0  |z Špeciálne číslo 2, 3/2023  |0 0  |1 0  |4 0  |d 2025-08-15  |l 0  |r 2026-02-21 19:51:22  |w 2026-02-21 
952 |t č. jan.-jún + 2 špec. č.  |a SNK  |b SNK  |y PREZ  |7 0  |p 17A1557541  |o snkČSB 4995/27/2024/1  |i snk2025/13093  |8 0  |z Špciálne čísla 1, 2/2024  |0 0  |1 0  |4 0  |d 2025-08-15  |l 0  |r 2026-02-21 19:51:22  |w 2026-02-21 
952 |t č. júl-dec. + špec. č.  |a SNK  |b SNK  |y PREZ  |7 0  |p 17A1557542  |o snkČSB 4995/27/2024/2  |i snk2025/13094  |8 0  |z Špeciálne číslo 3/2024  |0 0  |1 0  |4 0  |d 2025-08-15  |l 0  |r 2026-02-21 19:51:22  |w 2026-02-21 
952 |t č. 1-12  |a SNK  |b SNK  |y PREZ  |7 0  |p 17A0661261  |o snkČSB 4995/2/1999 D1  |i snk2010/22717  |8 0  |0 0  |1 0  |4 0  |d 2004-08-02  |l 0  |r 2005-01-02 00:00:00  |w 2026-02-21 
952 |t č. 1-12  |a SNK  |b SNK  |y PREZ  |7 0  |p 17A0409782  |o snkČSB 4995/[4]/2001  |i snkČSP 1405/2002  |f 1  |0 0  |1 0  |4 0  |d 2004-01-22  |l 0  |r 2005-01-02 00:00:00  |w 2026-02-21 
952 |t č. jan.-jún + 1 špec. vydanie  |a SNK  |b SNK  |y PREZ  |7 0  |p 17A1463051  |o snkČSB 4995/24/2021/1  |i snk2022/9316  |8 0  |z Špeciálne vydanie Staviame: Jar  |0 0  |1 0  |4 0  |d 2022-06-08  |l 0  |r 2026-02-21 20:09:30  |w 2026-02-21 
952 |t č. júl-dec. + 1 špec. vydanie  |a SNK  |b SNK  |y PREZ  |7 0  |p 17A1463052  |o snkČSB 4995/24/2021/2  |i snk2022/9317  |8 0  |z Špeciálne vydanie Renovujeme: Jeseň  |0 0  |1 0  |4 0  |d 2022-06-08  |l 0  |r 2026-02-21 20:09:30  |w 2026-02-21 
952 |t č. jan.-jún  |a SNK  |b SNK  |y PREZ  |7 0  |p 17A1462688  |o snkČSB 4995/23/2020/1 D1  |i snk2022/5267  |8 0  |0 0  |1 0  |4 0  |d 2022-04-07  |l 0  |r 2026-02-21 20:10:50  |w 2026-02-21 
952 |t č. júl-dec. + 2 špec. vydanie  |a SNK  |b SNK  |y PREZ  |7 0  |p 17A1462689  |o snkČSB 4995/23/2020/2 D1  |i snk2022/5268  |8 0  |z Špeciálne vydanie: Jar, Jeseň  |0 0  |1 0  |4 0  |d 2022-04-07  |l 0  |r 2026-02-21 20:10:50  |w 2026-02-21 
952 |t č. jan.-jún + 1 špec. vydanie  |a SNK  |b SNK  |y PREZ  |7 0  |p 17A1519979  |o snkČSB 4995/25/2022/1  |i snk2023/4765  |8 0  |z Špeciálne vydanie: 1/2022  |0 0  |1 0  |4 0  |d 2023-03-21  |l 0  |r 2026-02-21 20:10:58  |w 2026-02-21 
952 |t č. júl-dec. + 2 špec. vydanie  |a SNK  |b SNK  |y PREZ  |7 0  |p 17A1519980  |o snkČSB 4995/25/2022/2  |i snk2023/4767  |8 0  |z Špeciálne vydanie: 2/2022, 3/2022  |0 0  |1 0  |4 0  |d 2023-03-21  |l 0  |r 2026-02-21 20:10:58  |w 2026-02-21 
952 |t č. 1-12  |a SNK  |b SNK  |y PREZ  |7 0  |p 17A0752268  |o snkČSB 4995/12/2009  |i snk2014/8588  |8 0  |f 1  |0 0  |1 0  |4 0  |d 2014-04-02  |l 0  |r 2026-02-21 20:51:06  |w 2026-02-21 
952 |t č. 1-12, neúplné  |a SNK  |b SNK  |y PREZ  |7 0  |p 17A0752267  |o snkČSB 4995/12/2009 D1  |i snk2014/8589  |8 0  |z chýba č. marec, jún, november  |0 0  |1 0  |4 0  |d 2014-04-02  |l 0  |r 2026-02-21 20:51:06  |w 2026-02-21 
952 |t č. 1-12  |a SNK  |b SNK  |y PREZ  |7 0  |p 17A0752269  |o snkČSB 4995/13/2010  |i snk2014/8590  |8 0  |f 1  |0 0  |1 0  |4 0  |d 2014-04-02  |l 0  |r 2026-02-21 20:51:06  |w 2026-02-21 
952 |t č. 1-12, neúplné  |a SNK  |b SNK  |y PREZ  |7 0  |p 17A0752270  |o snkČSB 4995/13/2010 D1  |i snk2014/8591  |8 0  |z chýba č. jan.-marec, jún,júl  |0 0  |1 0  |4 0  |d 2014-04-02  |l 0  |r 2026-02-21 20:51:06  |w 2026-02-21 
952 |t č. 1-12,+špeciál,neúplné  |a SNK  |b SNK  |y PREZ  |7 0  |p 17A0752271  |o snkČSB 4995/14/2011  |i snk2014/8592  |8 0  |z chýba január, máj  |f 1  |0 0  |1 0  |4 0  |d 2014-04-02  |l 0  |r 2026-02-21 20:51:07  |w 2026-02-21 
952 |t č. 1-12,+špeciál,neúplné  |a SNK  |b SNK  |y PREZ  |7 0  |p 17A0752272  |o snkČSB 4995/14/2011 D1  |i snk2014/8593  |8 0  |z chýba č. január, máj  |0 0  |1 0  |4 0  |d 2014-04-03  |l 0  |r 2026-02-21 20:51:22  |w 2026-02-21 
952 |t č. 1-12,+špeciál, neúplné  |a SNK  |b SNK  |y PREZ  |7 0  |p 17A0752273  |o snkČSB 4995/15/2012  |i snk2014/8594  |8 0  |z chýba jún  |f 1  |0 0  |1 0  |4 0  |d 2014-04-03  |l 0  |r 2026-02-21 20:51:22  |w 2026-02-21 
952 |t č. 1-12,+špeciál, neúplné  |a SNK  |b SNK  |y PREZ  |7 0  |p 17A0752274  |o snkČSB 4995/15/2012 D1  |i snk2014/8595  |8 0  |z chýba č. jún, september  |0 0  |1 0  |4 0  |d 2014-04-03  |l 0  |r 2026-02-21 20:51:22  |w 2026-02-21 
952 |t č. 1-12,+špeciál  |a SNK  |b SNK  |y PREZ  |7 0  |p 17A0752276  |o snkČSB 4995/16/2013  |i snk2014/8596  |8 0  |f 1  |0 0  |1 0  |4 0  |d 2014-04-03  |l 0  |r 2026-02-21 20:51:22  |w 2026-02-21 
952 |t č. 1-12,+špeciál  |a SNK  |b SNK  |y PREZ  |7 3  |p 17A0752275  |o snkČSB 4995/16/2013 D1  |i snk2014/8597  |8 0  |z č. 1-12  |0 0  |1 0  |4 0  |d 2014-04-03  |l 0  |r 2026-02-21 20:51:22  |w 2026-02-21 
952 |t č. 1-12, neúplné  |a SNK  |b SNK  |y PREZ  |7 0  |p 17A0661271  |o snkČSB 4995/10/2007 D1  |i snk2010/22742  |8 0  |z chýba č. marec, apríl  |0 0  |1 0  |4 0  |d 2004-08-26  |l 0  |r 2005-01-02 00:00:00  |w 2026-02-21 
952 |t č. 1-7  |a SNK  |b SNK  |y PREZ  |7 0  |p 17A0267528  |o snkČSB 4995/1/1998  |i snkČSP 378/2000  |f 1  |0 0  |1 0  |4 0  |d 2001-03-06  |l 0  |r 2005-01-02 00:00:00  |w 2026-02-21 
952 |t č. 1-12  |a SNK  |b SNK  |y PREZ  |7 0  |p 17A0397031  |o snkČSB 4995/[5]/2002  |i snkČSP 381/2003  |z č. 1 - 12  |f 1  |0 0  |1 0  |4 0  |d 2003-09-23  |l 0  |r 2005-01-02 00:00:00  |w 2026-02-21 
952 |a SNK  |b SNK  |y PREZ  |7 0  |p 17A0400070  |o snkČSB 4995/2001 D1  |i snkČSP 1406/2002  |z č. 1-12  |0 0  |1 0  |4 0  |d 2003-10-13  |l 0  |r 2005-01-02 00:00:00  |w 2026-02-21 
952 |a SNK  |b SNK  |y PREZ  |7 0  |p 17A0413386  |o snkČSB 4995/[5]/2002 D1  |i snkČSP 382/2003  |0 0  |1 0  |4 0  |d 2004-02-10  |l 0  |r 2005-01-02 00:00:00  |w 2026-02-21 
952 |t č. 1-12  |a SNK  |b SNK  |y PREZ  |7 0  |p 17A0433366  |o snkČSB 4995/[6]/2003  |i snkČSP 561/2004  |f 1  |0 0  |1 0  |4 0  |d 2004-07-13  |l 0  |r 2005-01-02 00:00:00  |w 2026-02-21 
952 |t č. 1-12  |a SNK  |b SNK  |y PREZ  |7 0  |p 17A0661265  |o snkČSB 4995/[7]/2004 D1  |i snk2010/22726  |8 0  |0 0  |1 0  |4 0  |d 2004-01-27  |l 0  |r 2005-01-02 00:00:00  |w 2026-02-21 
952 |t č. 1-12  |a SNK  |b SNK  |y PREZ  |7 0  |p 17A0661264  |o snkČSB 4995/[7]/2004  |i snk2010/22723  |8 0  |f 1  |0 0  |1 0  |4 0  |d 2004-01-27  |l 0  |r 2005-01-02 00:00:00  |w 2026-02-21 
952 |t č. 1-12, neúplné  |a SNK  |b SNK  |y PREZ  |7 0  |p 17A0661263  |o snkČSB 4995/3/2000 D1  |i snk2010/22720  |8 0  |z chýba č. 9  |0 0  |1 0  |4 0  |d 2004-01-27  |l 0  |r 2005-01-02 00:00:00  |w 2026-02-21 
952 |t č. 1-12  |a SNK  |b SNK  |y PREZ  |7 0  |p 17A0661260  |o snkČSB 4995/2/1999  |i snk2010/22716  |8 0  |f 1  |0 0  |1 0  |4 0  |d 2004-01-30  |l 0  |r 2005-01-02 00:00:00  |w 2026-02-21 
952 |t č. 1-12  |a SNK  |b SNK  |y PREZ  |7 0  |p 17A0661262  |o snkČSB 4995/3/2000  |i snk2010/22718  |8 0  |f 1  |0 0  |1 0  |4 0  |d 2004-01-29  |l 0  |r 2005-01-02 00:00:00  |w 2026-02-21 
952 |t č. 1-12, neúplné  |a SNK  |b SNK  |y PREZ  |7 0  |p 17A0752266  |o snkČSB 4995/[11]/2008 D1  |i snk2010/22745  |8 0  |z chýba č. február, apríl, august  |0 0  |1 0  |4 0  |d 2004-08-02  |l 0  |r 2005-01-02 00:00:00  |w 2026-02-21 
952 |t č. 1-12  |a SNK  |b SNK  |y PREZ  |7 0  |p 17A0661272  |o snkČSB 4995/[11]/2008  |i snk2010/22744  |8 0  |f 1  |0 0  |1 0  |4 0  |d 2004-08-26  |l 0  |r 2005-01-02 00:00:00  |w 2026-02-21 
952 |t č. 1-12  |a SNK  |b SNK  |y PREZ  |7 0  |p 17A0661270  |o snkČSB 4995/10/2007  |i snk2010/22740  |8 0  |f 1  |0 0  |1 0  |4 0  |d 2004-09-27  |l 0  |r 2005-01-02 00:00:00  |w 2026-02-21 
952 |t č. 1-12, neúplné  |a SNK  |b SNK  |y PREZ  |7 0  |p 17A0661269  |o snkČSB 4995/[9]/2006 D1  |i snk2010/22739  |8 0  |z chýba č. august,september  |0 0  |1 0  |4 0  |d 2004-09-27  |l 0  |r 2005-01-02 00:00:00  |w 2026-02-21 
952 |t č. 1-12  |a SNK  |b SNK  |y PREZ  |7 0  |p 17A0661268  |o snkČSB 4995/[9]/2006  |i snk2010/22738  |8 0  |f 1  |0 0  |1 0  |4 0  |d 2004-10-27  |l 0  |r 2005-01-02 00:00:00  |w 2026-02-21 
952 |t č. 1-12  |a SNK  |b SNK  |y PREZ  |7 0  |p 17A0661267  |o snkČSB 4995/8/2005 D1  |i snk2010/22734  |8 0  |0 0  |1 0  |4 0  |d 2004-10-27  |l 0  |r 2005-01-02 00:00:00  |w 2026-02-21 
952 |t č. 1-12  |a SNK  |b SNK  |y PREZ  |7 0  |p 17A0661266  |o snkČSB 4995/8/2005  |i snk2010/22731  |8 0  |f 1  |0 0  |1 0  |4 0  |d 2004-12-01  |l 0  |r 2005-01-02 00:00:00  |w 2026-02-21 
952 |t č. 1-12,+špeciál  |a SNK  |b SNK  |y PREZ  |7 0  |p 17A1047346  |o snkČSB 4995/17/2014  |i snk2015/8795  |8 0  |f 1  |0 0  |1 0  |4 0  |d 2015-03-12  |l 0  |r 2026-02-21 21:15:01  |w 2026-02-21 
952 |t č. 1-12,+špeciál  |a SNK  |b SNK  |y PREZ  |7 0  |p 17A1047347  |o snkČSB 4995/17/2014 D1  |i snk2015/8801  |8 0  |0 0  |1 0  |4 0  |d 2015-03-12  |l 0  |r 2026-02-21 21:15:02  |w 2026-02-21 
952 |t č. jan.-jún  |a SNK  |b SNK  |y PREZ  |7 0  |p 17A1435984  |o snkČSB 4995/22/2019/1 D1  |i snk2021/15052  |8 0  |0 0  |1 0  |4 0  |d 2021-10-11  |l 0  |r 2026-02-21 21:29:07  |w 2026-02-21 
952 |t č. júl-dec. + 2 špec. vydanie  |a SNK  |b SNK  |y PREZ  |7 0  |p 17A1435985  |o snkČSB 4995/22/2019/2 D1  |i snk2021/15054  |8 0  |z Špeciálne vydanie: Jar, Jeseň  |0 0  |1 0  |4 0  |d 2021-10-11  |l 0  |r 2026-02-21 21:29:07  |w 2026-02-21 
952 |t č. jan.-jún  |a SNK  |b SNK  |y PREZ  |7 0  |p 17A1435986  |o snkČSB 4995/23/2020/1  |i snk2021/15056  |8 0  |f 1  |0 0  |1 0  |4 0  |d 2021-10-11  |l 0  |r 2026-02-21 21:29:07  |w 2026-02-21 
952 |t č. júl-dec. + 2 špec. vydanie  |a SNK  |b SNK  |y PREZ  |7 0  |p 17A1435987  |o snkČSB 4995/23/2020/2  |i snk2021/15057  |8 0  |z Špeciálne vydanie: Jar, Jeseň  |f 1  |0 0  |1 0  |4 0  |d 2021-10-11  |l 0  |r 2026-02-21 21:29:08  |w 2026-02-21 
952 |t č. jan.-jún  |a SNK  |b SNK  |y PREZ  |7 0  |p 17A1387219  |o snkČSB 4995/22/2019/1  |i snk2020/7654  |8 0  |f 1  |0 0  |1 0  |4 0  |d 2020-05-15  |l 0  |r 2026-02-21 21:53:16  |w 2026-02-21 
952 |t č. júl-dec. + 2 špec.  |a SNK  |b SNK  |y PREZ  |7 0  |p 17A1387220  |o snkČSB 4995/22/2019/2  |i snk2020/7655  |8 0  |z Prílohy: Staviame rodinný dom, Staviame, prerábame dom a byt  |f 1  |0 0  |1 0  |4 0  |d 2020-05-15  |l 0  |r 2026-02-21 21:53:16  |w 2026-02-21 
952 |t č. jan.-jún  |a SNK  |b SNK  |y PREZ  |7 0  |p 17A1329260  |o snkČSB 4995/19/2016/1  |i snk2018/21715  |8 0  |f 1  |0 0  |1 0  |4 0  |d 2018-10-23  |l 0  |r 2026-02-21 21:58:07  |w 2026-02-21 
952 |t č. júl-dec. + špeciál   |a SNK  |b SNK  |y PREZ  |7 0  |p 17A1329261  |o snkČSB 4995/19/2016/2  |i snk2018/21719  |8 0  |z Špeciálne číslo: Urob si sám - špeciál  |f 1  |0 0  |1 0  |4 0  |d 2018-10-23  |l 0  |r 2026-02-21 21:58:09  |w 2026-02-21 
952 |t č. júl-dec.  |a SNK  |b SNK  |y PREZ  |7 0  |p 17A1329262  |o snkČSB 4995/19/2016/1 D1  |i snk2018/21723  |8 0  |0 0  |1 0  |4 0  |d 2018-10-23  |l 0  |r 2026-02-21 21:58:09  |w 2026-02-21 
952 |t č. júl-dec. + špeciál  |a SNK  |b SNK  |y PREZ  |7 0  |p 17A1329263  |o snkČSB 4995/19/2016/2 D1  |i snk2018/21727  |8 0  |z Špeciálne číslo: Urob si sám - špeciál  |0 0  |1 0  |4 0  |d 2018-10-23  |l 0  |r 2026-02-21 21:58:09  |w 2026-02-21 
952 |t č. jan.-jún.  |a SNK  |b SNK  |y PREZ  |7 0  |p 17A1329264  |o snkČSB 4995/20/2017/1  |i snk2018/21733  |8 0  |f 1  |0 0  |1 0  |4 0  |d 2018-10-23  |l 0  |r 2026-02-21 21:58:09  |w 2026-02-21 
952 |t č. jan.-jún  |a SNK  |b SNK  |y PREZ  |7 0  |p 17A1329265  |o snkČSB 4995/20/2017/1 D1  |i snk2018/21739  |8 0  |0 0  |1 0  |4 0  |d 2018-10-23  |l 0  |r 2026-02-21 21:58:09  |w 2026-02-21 
952 |t č. júl-dec. + špeciál  |a SNK  |b SNK  |y PREZ  |7 0  |p 17A1329266  |o snkČSB 4995/20/2017/2  |i snk2018/21740  |8 0  |z Špeciálne číslo: Urob si sám - špeciál  |f 1  |0 0  |1 0  |4 0  |d 2018-10-23  |l 0  |r 2026-02-21 21:58:13  |w 2026-02-21 
952 |t č. júl-dec. + špeciál  |a SNK  |b SNK  |y PREZ  |7 0  |p 17A1329267  |o snkČSB 4995/20/2017/2 D1  |i snk2018/21752  |8 0  |0 0  |1 0  |4 0  |d 2018-10-23  |l 0  |r 2026-02-21 21:58:13  |w 2026-02-21 
952 |t č. jan.-jún  |a SNK  |b SNK  |y PREZ  |7 0  |p 17A1387487  |o snkČSB 4995/21/2018/1 D1  |i snk2020/8403  |8 0  |0 0  |1 0  |4 0  |d 2020-05-26  |l 0  |r 2026-02-21 22:00:54  |w 2026-02-21 
952 |t č. júl-dec. + 2 špeciál  |a SNK  |b SNK  |y PREZ  |7 0  |p 17A1387488  |o snkČSB 4995/21/2018/2 D1  |i snk2020/8410  |8 0  |z Obsahuje: Špecial ; Špeciál jeseň  |0 0  |1 0  |4 0  |d 2020-05-26  |l 0  |r 2026-02-21 22:00:54  |w 2026-02-21 
952 |t č. jan.-jún  |a SNK  |b SNK  |y PREZ  |7 0  |p 17A1099278  |o snkČSB 4995/18/2015/1  |i snk2016/10853  |8 0  |f 1  |0 0  |1 0  |4 0  |d 2016-04-27  |l 0  |r 2026-02-21 22:16:30  |w 2026-02-21 
952 |t č. jan.-jún  |a SNK  |b SNK  |y PREZ  |7 0  |p 17A1099277  |o snkČSB 4995/18/2015/1 D1  |i snk2016/10856  |8 0  |0 0  |1 0  |4 0  |d 2016-04-27  |l 0  |r 2026-02-21 22:16:30  |w 2026-02-21 
952 |t č. júl-dec.,+1 špeciál  |a SNK  |b SNK  |y PREZ  |7 0  |p 17A1099276  |o snkČSB 4995/18/2015/2 D1  |i snk2016/10857  |8 0  |z Špeciálna príloha: Urob si sám - špeciál  |0 0  |1 0  |4 0  |d 2016-04-27  |l 0  |r 2026-02-21 22:16:30  |w 2026-02-21 
952 |t č. júl-dec.,+2 špec. prílohy  |a SNK  |b SNK  |y PREZ  |7 0  |p 17A1099275  |o snkČSB 4995/18/2015/2  |i snk2016/10862  |8 0  |z Špeciálne prílohy: Urob si sám - špeciál, To najlepšie z časopisu Urob si sám  |f 1  |0 0  |1 0  |4 0  |d 2016-04-27  |l 0  |r 2026-02-21 22:16:30  |w 2026-02-21 
952 |t č. jan.-jún  |a SNK  |b SNK  |y PREZ  |7 0  |p 17A1369990  |o snkČSB 4995/21/2018/1  |i snk2019/20388  |8 0  |f 1  |0 0  |1 0  |4 0  |d 2019-08-08  |l 0  |r 2026-02-21 22:28:47  |w 2026-02-21 
952 |t č. júl-dec. + 2 špec.  |a SNK  |b SNK  |y PREZ  |7 0  |p 17A1369989  |o snkČSB 4995/21/2018/2  |i snk2019/20390  |8 0  |z Obsahuje: Špecial ; Špeciál jeseň  |f 1  |0 0  |1 0  |4 0  |d 2019-08-08  |l 0  |r 2026-02-21 22:28:47  |w 2026-02-21